Pokemon - All Items (Mega Dimension Updated) - Statistics

General Stats
  • This quiz has been taken 55 times
    33 since last reset
  • The average score is 253 of 2301
Answer Stats
Gen. Type Item % Correct
I Poké Ball Master Ball
89%
I Poké Ball Poké Ball
89%
VIII Poké Ball Poké Ball (Hisui)
89%
I Poké Ball Ultra Ball
89%
VIII Poké Ball Ultra Ball (Hisui)
89%
I Poké Ball Great Ball
83%
VIII Poké Ball Great Ball (Hisui)
83%
III Poké Ball Luxury Ball
72%
III Poké Ball Nest Ball
72%
III Poké Ball Net Ball
72%
III Poké Ball Premier Ball
72%
IV Poké Ball Dusk Ball
67%
IV Poké Ball Heal Ball
67%
II Poké Ball Heavy Ball
67%
VIII Poké Ball Heavy Ball (Hisui)
67%
I Medicine Potion
67%
IV Poké Ball Quick Ball
67%
I Item Rare Candy
67%
I Poké Ball Safari Ball
67%
III Poké Ball Timer Ball
67%
I Medicine Antidote
61%
I Medicine Burn Heal
61%
I Medicine Full Restore
61%
I Medicine Hyper Potion
61%
I Item Iron
61%
I Medicine Super Potion
61%
VII Poké Ball Beast Ball
56%
I Item Calcium
56%
III Poké Ball Dive Ball
56%
I Medicine Full Heal
56%
I Medicine Ice Heal
56%
I Medicine Max Potion
56%
I Medicine Paralyze Heal
56%
I Medicine Awakening
50%
I Item Carbos
50%
IV Poké Ball Cherish Ball
50%
IV Item Choice Scarf
50%
IV Item Choice Specs
50%
I Medicine Ether
50%
VIII Item Exp. Candy L
50%
VIII Item Exp. Candy S
50%
VIII Item Exp. Candy XL
50%
I Item Fire Stone
50%
I Medicine Max Ether
50%
I Item Protein
50%
II Item Quick Claw
50%
III Poké Ball Repeat Ball
50%
I Item Thunder Stone
50%
I Item Water Stone
50%
I Battle Item X Attack
50%
I Battle Item X Defense
50%
I Battle Item X Sp. Atk
50%
I Battle Item X Speed
50%
VI Mega Stone Absolite
44%
II Item Charcoal
44%
III Berry Cheri Berry
44%
III Item Choice Band
44%
V Poké Ball Dream Ball
44%
IV Item Dusk Stone
44%
I Medicine Elixir
44%
VIII Item Exp. Candy M
44%
II Poké Ball Friend Ball
44%
I Item Leaf Stone
44%
II Poké Ball Love Ball
44%
VII Item Lure
44%
I Medicine Max Elixir
44%
I Medicine Max Revive
44%
II Medicine Moomoo Milk
44%
II Item Mystic Water
44%
I Battle Item Poké Doll
44%
I Item Repel
44%
I Medicine Revive
44%
III Item Silk Scarf
44%
II Item Soft Sand
44%
II Item Sun Stone
44%
I Item Super Repel
44%
IV Battle Item X Sp. Def
44%
II Berry Berry
39%
I Key Item Bike
39%
II Item Black Glasses
39%
III Item Blue Orb
39%
III Treasure Claw Fossil
39%
IV Item Dawn Stone
39%
II Item Everstone
39%
VIII Item Exp. Candy XS
39%
I Key Item Exp. Share
39%
II Poké Ball Fast Ball
39%
IV Item Focus Sash
39%
I Medicine Fresh Water
39%
I Item HP Up
39%
IV Item Iron Ball
39%
VIII Poké Ball Jet Ball
39%
I Medicine Lemonade
39%
III Berry Leppa Berry
39%
II Item Lucky Egg
39%
II Item Magnet
39%
I Item Max Repel
39%
II Item Miracle Seed
39%
II Poké Ball Moon Ball
39%
I Item Moon Stone
39%
II Item Never-Melt Ice
39%
III Berry Oran Berry
39%
IV Poké Ball Park Ball
39%
III Berry Pecha Berry
39%
I Item PP Up
39%
III Berry Rawst Berry
39%
III Item Red Orb
39%
II Item Sharp Beak
39%
IV Item Shiny Stone
39%
IV Berry Shuca Berry
39%
III Berry Sitrus Berry
39%
VIII Poké Ball Wing Ball
39%
I Battle Item X Accuracy
39%
III Item Zinc
39%
IX Mega Stone Absolite Z
33%
III Key Item Acro Bike
33%
II Item Amulet Coin
33%
III Berry Aspear Berry
33%
III Item Black Flute
33%
VI Mega Stone Blazikenite
33%
VI Mega Stone Charizardite X
33%
VI Mega Stone Charizardite Y
33%
III Berry Chesto Berry
33%
I Battle Item Dire Hit
33%
II Item Dragon Fang
33%
II Item Dragon Scale
33%
II Medicine Energy Root
33%
IV Item Expert Belt
33%
IV Item Flame Orb
33%
II Item Focus Band
33%
I Key Item Good Rod
33%
I Treasure Helix Fossil
33%
I TM / TR / HM HM01
33%
I TM / TR / HM HM02
33%
I TM / TR / HM HM03
33%
I TM / TR / HM HM04
33%
I TM / TR / HM HM05
33%
II TM / TR / HM HM06
33%
II TM / TR / HM HM07
33%
II TM / TR / HM HM08
33%
II TM / TR / HM HM09
33%
II TM / TR / HM HM10
33%
II TM / TR / HM HM11
33%
II TM / TR / HM HM12
33%
VII Item Ice Stone
33%
II Item King’s Rock
33%
III Medicine Lava Cookie
33%
II Item Leek
33%
II Item Leftovers
33%
IV Item Life Orb
33%
II Item Lucky Punch
33%
III Berry Lum Berry
33%
II Poké Ball Lure Ball
33%
III Key Item Mach Bike
33%
IV Item Magmarizer
33%
II Item Metal Coat
33%
I Treasure Nugget
33%
I Treasure Old Amber
33%
I Key Item Old Rod
33%
IV Item Oval Stone
33%
II Treasure Pearl
33%
I Key Item Pokédex
33%
I Key Item Poké Flute
33%
III Item PP Max
33%
II Medicine Revival Herb
33%
VI Mega Stone Sceptilite
33%
III Item Shell Bell
33%
I Medicine Soda Pop
33%
I Key Item Super Rod
33%
VI Mega Stone Swampertite
33%
IV Item Toxic Orb
33%
II Item Twisted Spoon
33%
VI Mega Stone Venusaurite
33%
IV Berry Wacan Berry
33%
III Item White Flute
33%
IV Item Adamant Orb
28%
VI Item Assault Vest
28%
II Treasure Big Mushroom
28%
V Treasure Big Nugget
28%
II Item Black Belt
28%
IV Item Black Sludge
28%
IV Berry Charti Berry
28%
IX Mega Stone Chesnaughtite
28%
IV Berry Chople Berry
28%
IV Berry Colbur Berry
28%
IV Berry Custap Berry
28%
IV Item Damp Rock
28%
III Item Deep Sea Scale
28%
III Item Deep Sea Tooth
28%
IX Mega Stone Delphoxite
28%
I Treasure Dome Fossil
28%
IV Item Draco Plate
28%
V Item Eject Button
28%
IV Item Electirizer
28%
II Medicine Energy Powder
28%
III Berry Enigma Berry
28%
I Key Item Escape Rope
28%
V Item Eviolite
28%
VII Key Item Fishing Rod
28%
IX Mega Stone Froslassite
28%
VI Mega Stone Garchompite
28%
IX Mega Stone Garchompite Z
28%
VI Mega Stone Gardevoirite
28%
VIII Poké Ball Gigaton Ball
28%
IX Mega Stone Greninjite
28%
IV Item Griseous Orb
28%
I Battle Item Guard Spec.
28%
II Item Hard Stone
28%
III Item Heart Scale
28%
IV Item Heat Rock
28%
VIII Item Heavy-Duty Boots
28%
IV Treasure Honey
28%
IV Item Lagging Tail
28%
IV Item Metronome
28%
VII Z-Crystal Normalium Z
28%
IV Berry Occa Berry
28%
IV Medicine Old Gateau
28%
II Key Item Pass
28%
IV Berry Passho Berry
28%
VI Mega Stone Pinsirite
28%
II Item Poison Barb
28%
III Berry Pomeg Berry
28%
IV Item Protector
28%
IV Item Razor Claw
28%
III Medicine Red Flute
28%
III Treasure Root Fossil
28%
VI Item Safety Goggles
28%
III Berry Salac Berry
28%
VI Mega Stone Salamencite
28%
II Item Scope Lens
28%
IV Item Shed Shell
28%
II Item Silver Powder
28%
II Item Smoke Ball
28%
IV Item Smooth Rock
28%
III Item Soothe Bell
28%
III Item Soul Dew
28%
III Berry Starf Berry
28%
II Treasure Star Piece
28%
IV Item Sticky Barb
28%
IV Berry Tanga Berry
28%
II Treasure Tiny Mushroom
28%
I TM / TR / HM TM001
28%
I TM / TR / HM TM002
28%
I TM / TR / HM TM003
28%
I TM / TR / HM TM004
28%
I TM / TR / HM TM005
28%
I TM / TR / HM TM006
28%
I TM / TR / HM TM007
28%
I TM / TR / HM TM008
28%
I TM / TR / HM TM009
28%
I TM / TR / HM TM010
28%
I TM / TR / HM TM011
28%
I TM / TR / HM TM012
28%
I TM / TR / HM TM013
28%
I TM / TR / HM TM020
28%
I TM / TR / HM TM021
28%
I TM / TR / HM TM022
28%
I TM / TR / HM TM023
28%
I TM / TR / HM TM024
28%
I TM / TR / HM TM025
28%
I TM / TR / HM TM026
28%
I TM / TR / HM TM027
28%
I TM / TR / HM TM028
28%
I TM / TR / HM TM029
28%
I TM / TR / HM TM030
28%
I TM / TR / HM TM031
28%
I TM / TR / HM TM032
28%
I TM / TR / HM TM033
28%
I TM / TR / HM TM034
28%
I TM / TR / HM TM035
28%
I TM / TR / HM TM036
28%
I TM / TR / HM TM037
28%
I TM / TR / HM TM038
28%
I TM / TR / HM TM039
28%
I TM / TR / HM TM040
28%
I TM / TR / HM TM041
28%
I TM / TR / HM TM042
28%
I TM / TR / HM TM043
28%
I TM / TR / HM TM044
28%
I TM / TR / HM TM045
28%
I TM / TR / HM TM046
28%
I TM / TR / HM TM047
28%
I TM / TR / HM TM048
28%
I TM / TR / HM TM049
28%
I TM / TR / HM TM050
28%
I TM / TR / HM TM051
28%
I TM / TR / HM TM052
28%
I TM / TR / HM TM053
28%
I TM / TR / HM TM054
28%
I TM / TR / HM TM055
28%
IV TM / TR / HM TM056
28%
IV TM / TR / HM TM057
28%
IV TM / TR / HM TM058
28%
IV TM / TR / HM TM059
28%
IV TM / TR / HM TM060
28%
IV TM / TR / HM TM061
28%
IV TM / TR / HM TM062
28%
IV TM / TR / HM TM063
28%
IV TM / TR / HM TM064
28%
IV TM / TR / HM TM065
28%
IV TM / TR / HM TM066
28%
IV TM / TR / HM TM067
28%
IV TM / TR / HM TM068
28%
IV TM / TR / HM TM069
28%
IV TM / TR / HM TM070
28%
IV TM / TR / HM TM071
28%
IV TM / TR / HM TM072
28%
IV TM / TR / HM TM073
28%
IV TM / TR / HM TM074
28%
IV TM / TR / HM TM075
28%
IV TM / TR / HM TM076
28%
IV TM / TR / HM TM077
28%
IV TM / TR / HM TM078
28%
IV TM / TR / HM TM079
28%
IV TM / TR / HM TM080
28%
IV TM / TR / HM TM081
28%
IV TM / TR / HM TM082
28%
IV TM / TR / HM TM083
28%
IV TM / TR / HM TM084
28%
IV TM / TR / HM TM085
28%
IV TM / TR / HM TM086
28%
IV TM / TR / HM TM087
28%
IV TM / TR / HM TM088
28%
IV TM / TR / HM TM089
28%
IV TM / TR / HM TM090
28%
IV TM / TR / HM TM091
28%
IV TM / TR / HM TM092
28%
V TM / TR / HM TM093
28%
V TM / TR / HM TM094
28%
V TM / TR / HM TM095
28%
VI TM / TR / HM TM096
28%
VI TM / TR / HM TM097
28%
VI TM / TR / HM TM098
28%
VI TM / TR / HM TM099
28%
IX TM / TR / HM TM101
28%
IX TM / TR / HM TM102
28%
IX TM / TR / HM TM103
28%
IX TM / TR / HM TM104
28%
IX TM / TR / HM TM105
28%
IX TM / TR / HM TM106
28%
IX TM / TR / HM TM107
28%
IX TM / TR / HM TM108
28%
IX TM / TR / HM TM109
28%
IX TM / TR / HM TM110
28%
I Key Item Town Map
28%
II Item Upgrade
28%
IV Item Wise Glasses
28%
IV Berry Yache Berry
28%
VI Mega Stone Abomasite
22%
VII Item Adrenaline Orb
22%
VI Mega Stone Aggronite
22%
V Item Air Balloon
22%
VI Mega Stone Alakazite
22%
IV Treasure Armor Fossil
22%
VI Mega Stone Audinite
22%
IV Key Item Azure Flute
22%
IV Berry Babiri Berry
22%
VI Mega Stone Banettite
22%
II Medicine Berry Juice
22%
VII Medicine Big Malasada
22%
II Treasure Big Pearl
22%
IV Item Big Root
22%
III Item Blue Shard
22%
IX Item Booster Energy
22%
II Item Bright Powder
22%
V Item Burn Drive
22%
V Medicine Casteliacone
22%
IX Mega Stone Chandelurite
22%
III Berry Chilan Berry
22%
V Item Chill Drive
22%
II Item Cleanse Tag
22%
IX Mega Stone Clefablite
22%
V Treasure Comet Shard
22%
V Item Douse Drive
22%
I Key Item Dowsing Machine
22%
VII Z-Crystal Dragonium Z
22%
IX Mega Stone Eelektrossite
22%
IX Ingredient Egg
22%
VII Z-Crystal Electrium Z
22%
VII Z-Crystal Fairium Z
22%
VIII Poké Ball Feather Ball
22%
VII Z-Crystal Firium Z
22%
IV Item Flame Plate
22%
V Item Float Stone
22%
VI Mega Stone Galladite
22%
VI Mega Stone Gengarite
22%
IX Mega Stone Golisopite
22%
IX Mega Stone Golurkite
22%
VII Z-Crystal Grassium Z
22%
III Item Green Shard
22%
IV Item Grip Claw
22%
II Key Item GS Ball
22%
IV Berry Haban Berry
22%
IX Ingredient Ham
22%
II Medicine Heal Powder
22%
IX Mega Stone Heatranite
22%
III Berry Iapapa Berry
22%
VII Z-Crystal Icium Z
22%
IV Item Icy Rock
22%
IV Item Insect Plate
22%
IV Item Iron Plate
22%
VI Mega Stone Kangaskhanite
22%
IV Berry Kasib Berry
22%
IV Berry Kebia Berry
22%
VI Key Item Key Stone
22%
III Item Lax Incense
22%
VIII Poké Ball Leaden Ball
22%
III Berry Liechi Berry
22%
II Item Light Ball
22%
IV Item Light Clay
22%
VI Mega Stone Lucarionite
22%
IX Mega Stone Lucarionite Z
22%
IV Item Lustrous Orb
22%
III Item Macho Brace
22%
III Berry Mago Berry
22%
IX Mega Stone Malamarite
22%
VI Mega Stone Mawilite
22%
IX Mega Stone Meganiumite
22%
VI Key Item Mega Ring
22%
III Item Mental Herb
22%
VI Mega Stone Metagrossite
22%
IV Item Mind Plate
22%
III Berry Nanab Berry
22%
VI Mega Stone Pidgeotite
22%
III Berry Pinap Berry
22%
IV Key Item Poffin Case
22%
IV Item Power Anklet
22%
IV Item Power Bracer
22%
IV Item Power Herb
22%
VII Z-Crystal Psychium Z
22%
IX Mega Stone Pyroarite
22%
III Berry Qualot Berry
22%
IV Item Quick Powder
22%
IV Treasure Rare Bone
22%
IV Item Razor Fang
22%
III Berry Razz Berry
22%
III Item Red Shard
22%
IV Berry Rindo Berry
22%
V Item Rocky Helmet
22%
II Medicine Sacred Ash
22%
VI Mega Stone Scizorite
22%
IX Mega Stone Scovillainite
22%
V Item Shock Drive
22%
IV Treasure Skull Fossil
22%
II Item Spell Tag
22%
IV Item Splash Plate
22%
IV Item Spooky Plate
22%
IX Mega Stone Staraptite
22%
III Berry Tamato Berry
22%
VIII TM / TR / HM TM00
22%
I TM / TR / HM TM014
22%
I TM / TR / HM TM015
22%
I TM / TR / HM TM016
22%
I TM / TR / HM TM017
22%
I TM / TR / HM TM018
22%
I TM / TR / HM TM019
22%
IX TM / TR / HM TM111
22%
IX TM / TR / HM TM112
22%
IX TM / TR / HM TM113
22%
IX TM / TR / HM TM114
22%
IX TM / TR / HM TM115
22%
IX TM / TR / HM TM116
22%
IX TM / TR / HM TM117
22%
IX TM / TR / HM TM118
22%
IX TM / TR / HM TM119
22%
IX TM / TR / HM TM120
22%
IX TM / TR / HM TM121
22%
IX TM / TR / HM TM122
22%
IX TM / TR / HM TM123
22%
IX TM / TR / HM TM124
22%
IX TM / TR / HM TM125
22%
IX TM / TR / HM TM126
22%
IX TM / TR / HM TM127
22%
IX TM / TR / HM TM128
22%
IX TM / TR / HM TM129
22%
IX TM / TR / HM TM130
22%
IX TM / TR / HM TM131
22%
IX TM / TR / HM TM132
22%
IX TM / TR / HM TM134
22%
IX TM / TR / HM TM135
22%
IX TM / TR / HM TM136
22%
IX TM / TR / HM TM137
22%
IX TM / TR / HM TM138
22%
IX TM / TR / HM TM139
22%
IX TM / TR / HM TM140
22%
IX TM / TR / HM TM141
22%
IX TM / TR / HM TM142
22%
IX TM / TR / HM TM143
22%
IX TM / TR / HM TM144
22%
IX TM / TR / HM TM145
22%
IX TM / TR / HM TM146
22%
IX TM / TR / HM TM147
22%
IX TM / TR / HM TM148
22%
IX TM / TR / HM TM149
22%
IX TM / TR / HM TM150
22%
IX TM / TR / HM TM151
22%
IX TM / TR / HM TM152
22%
IX TM / TR / HM TM153
22%
IX TM / TR / HM TM154
22%
IX TM / TR / HM TM155
22%
IX TM / TR / HM TM156
22%
IX TM / TR / HM TM157
22%
IX TM / TR / HM TM158
22%
IX TM / TR / HM TM159
22%
IX TM / TR / HM TM160
22%
IX TM / TR / HM TM161
22%
IX TM / TR / HM TM162
22%
IX TM / TR / HM TM163
22%
IX TM / TR / HM TM164
22%
IX TM / TR / HM TM165
22%
IX TM / TR / HM TM166
22%
IX TM / TR / HM TM167
22%
IX TM / TR / HM TM168
22%
IX TM / TR / HM TM169
22%
IX TM / TR / HM TM170
22%
IX TM / TR / HM TM171
22%
IX TM / TR / HM TM172
22%
IX TM / TR / HM TM173
22%
IX TM / TR / HM TM174
22%
IX TM / TR / HM TM175
22%
IX TM / TR / HM TM176
22%
IX TM / TR / HM TM177
22%
IX TM / TR / HM TM178
22%
IX TM / TR / HM TM179
22%
IX TM / TR / HM TM180
22%
IX TM / TR / HM TM181
22%
IX TM / TR / HM TM182
22%
IX TM / TR / HM TM183
22%
IX TM / TR / HM TM184
22%
IX TM / TR / HM TM185
22%
IX TM / TR / HM TM186
22%
IX TM / TR / HM TM187
22%
IX TM / TR / HM TM188
22%
IX TM / TR / HM TM189
22%
IX TM / TR / HM TM190
22%
IX TM / TR / HM TM191
22%
IX TM / TR / HM TM192
22%
IX TM / TR / HM TM193
22%
IX TM / TR / HM TM194
22%
IX TM / TR / HM TM195
22%
IX TM / TR / HM TM196
22%
IX TM / TR / HM TM197
22%
IX TM / TR / HM TM198
22%
IX TM / TR / HM TM199
22%
IX TM / TR / HM TM200
22%
IX TM / TR / HM TM201
22%
IX TM / TR / HM TM202
22%
IX TM / TR / HM TM203
22%
IX TM / TR / HM TM204
22%
IX TM / TR / HM TM205
22%
IX TM / TR / HM TM206
22%
IX TM / TR / HM TM207
22%
IX TM / TR / HM TM208
22%
IX TM / TR / HM TM209
22%
IX TM / TR / HM TM211
22%
IX TM / TR / HM TM212
22%
IX TM / TR / HM TM213
22%
IX TM / TR / HM TM214
22%
IX TM / TR / HM TM215
22%
IX TM / TR / HM TM216
22%
IX TM / TR / HM TM217
22%
IX TM / TR / HM TM218
22%
IX TM / TR / HM TM219
22%
IX TM / TR / HM TM220
22%
IX TM / TR / HM TM221
22%
IX TM / TR / HM TM222
22%
IX TM / TR / HM TM223
22%
IX TM / TR / HM TM224
22%
IX TM / TR / HM TM225
22%
IX TM / TR / HM TM226
22%
IX TM / TR / HM TM227
22%
IX TM / TR / HM TM228
22%
IX TM / TR / HM TM229
22%
IX Ingredient Tomato
22%
VI Mega Stone Tyranitarite
22%
VII Z-Crystal Waterium Z
22%
VI Item Weakness Policy
22%
III Item White Herb
22%
III Berry Wiki Berry
22%
III Medicine Yellow Flute
22%
III Item Yellow Shard
22%
IV Item Zap Plate
22%
IV Item Zoom Lens
22%
IX Mega Stone Zygardite
22%
IX Item Ability Shield
17%
V Item Absorb Bulb
17%
III Berry Aguav Berry
17%
III Berry Apicot Berry
17%
IX Ingredient Apple
17%
VI Mega Stone Beedrillite
17%
III Key Item Berry Pouch
17%
VI Mega Stone Blastoisinite
17%
III Item Blue Scarf
17%
III Berry Bluk Berry
17%
VIII Item Blunder Policy
17%
V Item Bug Gem
17%
VII Z-Crystal Buginium Z
17%
IX Ingredient Butter
17%
VI Mega Stone Cameruptite
17%
IX Item Clear Amulet
17%
IV Berry Coba Berry
17%
I Item Coin
17%
IX Item Covert Cloak
17%
IX Mega Stone Crabominite
17%
IX Ingredient Cucumber
17%
V Item Dark Gem
17%
VII Z-Crystal Darkinium Z
17%
IV Item Destiny Knot
17%
VI Mega Stone Diancite
17%
V Item Dragon Gem
17%
IV Item Dubious Disc
17%
III Berry Durin Berry
17%
IV Item Earth Plate
17%
VIII Item Eject Pack
17%
V Item Electric Gem
17%
VII Item Electric Seed
17%
IX Mega Stone Emboarite
17%
VI Item Fairy Gem
17%
V Item Fighting Gem
17%
VII Z-Crystal Fightinium Z
17%
III Berry Figy Berry
17%
V Item Fire Gem
17%
IV Item Fist Plate
17%
V Item Flying Gem
17%
VII Z-Crystal Flyinium Z
17%
V Item Ghost Gem
17%
VII Z-Crystal Ghostium Z
17%
IV Key Item Gracidea
17%
V Item Grass Gem
17%
VII Item Grassy Seed
17%
III Item Green Scarf
17%
V Item Ground Gem
17%
VII Z-Crystal Groundium Z
17%
IX Mega Stone Hawluchanite
17%
III Berry Hondew Berry
17%
V Item Ice Gem
17%
VI Treasure Jaw Fossil
17%
III Berry Kelpsy Berry
17%
III Berry Lansat Berry
17%
VI Mega Stone Latiasite
17%
VI Mega Stone Latiosite
17%
II Poké Ball Level Ball
17%
IX Item Loaded Dice
17%
VI Mega Stone Lopunnite
17%
VI Item Luminous Moss
17%
VI Medicine Lumiose Galette
17%
VI Mega Stone Manectite
17%
IV Item Meadow Plate
17%
VI Mega Stone Medichamite
17%
II Item Metal Powder
17%
III Key Item Meteorite
17%
VII Item Misty Seed
17%
IV Item Muscle Band
17%
V Item Normal Gem
17%
VIII Poké Ball Origin Ball
17%
I Key Item Parcel (Kanto)
17%
V Treasure Pearl String
17%
III Berry Persim Berry
17%
III Berry Petaya Berry
17%
III Item Pink Scarf
17%
VI Item Pixie Plate
17%
V Item Poison Gem
17%
VII Z-Crystal Poisonium Z
17%
IV Item Power Band
17%
IV Item Power Lens
17%
IV Item Power Weight
17%
VII Item Protective Pads
17%
V Item Psychic Gem
17%
VII Item Psychic Seed
17%
IX Item Punching Glove
17%
II Medicine Rage Candy Bar
17%
IX Mega Stone Raichunite X
17%
IX Mega Stone Raichunite Y
17%
IV Item Reaper Cloth
17%
V Item Red Card
17%
III Item Red Scarf
17%
V Item Rock Gem
17%
VII Z-Crystal Rockium Z
17%
VIII Item Room Service
17%
IV Item Rose Incense
17%
VI Berry Roseli Berry
17%
VIII Key Item Rotom Bike
17%
VI Mega Stone Sablenite
17%
III Item Sea Incense
17%
V Key Item Shiny Charm
17%
III Item Shoal Salt
17%
III Item Shoal Shell
17%
I Key Item Silph Scope
17%
VI Item Snowball
17%
II Poké Ball Sport Ball
17%
II Treasure Stardust
17%
VII Z-Crystal Steelium Z
17%
VIII Poké Ball Strange Ball
17%
IX Mega Stone Tatsugirinite
17%
III Item Tea
17%
IX Key Item Tera Orb
17%
VII Item Terrain Extender
17%
VI TM / TR / HM TM100
17%
IX TM / TR / HM TM133
17%
IX TM / TR / HM TM210
17%
III Item TM Case
17%
IV Item Toxic Plate
17%
VIII TM / TR / HM TR00
17%
VIII TM / TR / HM TR01
17%
VIII TM / TR / HM TR02
17%
VIII TM / TR / HM TR03
17%
VIII TM / TR / HM TR04
17%
VIII TM / TR / HM TR05
17%
VIII TM / TR / HM TR06
17%
VIII TM / TR / HM TR07
17%
VIII TM / TR / HM TR08
17%
VIII TM / TR / HM TR09
17%
VIII TM / TR / HM TR10
17%
VIII TM / TR / HM TR11
17%
VIII TM / TR / HM TR12
17%
VIII TM / TR / HM TR13
17%
VIII TM / TR / HM TR14
17%
VIII TM / TR / HM TR15
17%
VIII TM / TR / HM TR16
17%
VIII TM / TR / HM TR17
17%
VIII TM / TR / HM TR18
17%
VIII TM / TR / HM TR19
17%
VIII TM / TR / HM TR20
17%
VIII TM / TR / HM TR21
17%
VIII TM / TR / HM TR22
17%
VIII TM / TR / HM TR23
17%
VIII TM / TR / HM TR24
17%
VIII TM / TR / HM TR25
17%
VIII TM / TR / HM TR26
17%
VIII TM / TR / HM TR27
17%
VIII TM / TR / HM TR28
17%
VIII TM / TR / HM TR29
17%
VIII TM / TR / HM TR30
17%
VIII TM / TR / HM TR31
17%
VIII TM / TR / HM TR32
17%
VIII TM / TR / HM TR33
17%
VIII TM / TR / HM TR34
17%
VIII TM / TR / HM TR35
17%
VIII TM / TR / HM TR36
17%
VIII TM / TR / HM TR37
17%
VIII TM / TR / HM TR38
17%
VIII TM / TR / HM TR39
17%
VIII TM / TR / HM TR40
17%
VIII TM / TR / HM TR41
17%
VIII TM / TR / HM TR42
17%
VIII TM / TR / HM TR43
17%
VIII TM / TR / HM TR44
17%
VIII TM / TR / HM TR45
17%
VIII TM / TR / HM TR46
17%
VIII TM / TR / HM TR47
17%
VIII TM / TR / HM TR48
17%
VIII TM / TR / HM TR49
17%
VIII TM / TR / HM TR50
17%
VIII TM / TR / HM TR51
17%
VIII TM / TR / HM TR52
17%
VIII TM / TR / HM TR53
17%
VIII TM / TR / HM TR54
17%
VIII TM / TR / HM TR55
17%
VIII TM / TR / HM TR56
17%
VIII TM / TR / HM TR57
17%
VIII TM / TR / HM TR58
17%
VIII TM / TR / HM TR59
17%
VIII TM / TR / HM TR60
17%
VIII TM / TR / HM TR61
17%
VIII TM / TR / HM TR62
17%
VIII TM / TR / HM TR63
17%
VIII TM / TR / HM TR64
17%
VIII TM / TR / HM TR65
17%
VIII TM / TR / HM TR66
17%
VIII TM / TR / HM TR67
17%
VIII TM / TR / HM TR68
17%
VIII TM / TR / HM TR69
17%
VIII TM / TR / HM TR70
17%
VIII TM / TR / HM TR71
17%
VIII TM / TR / HM TR72
17%
VIII TM / TR / HM TR73
17%
VIII TM / TR / HM TR74
17%
VIII TM / TR / HM TR75
17%
VIII TM / TR / HM TR76
17%
VIII TM / TR / HM TR77
17%
VIII TM / TR / HM TR78
17%
VIII TM / TR / HM TR79
17%
VIII TM / TR / HM TR80
17%
VIII TM / TR / HM TR81
17%
VIII TM / TR / HM TR82
17%
VIII TM / TR / HM TR83
17%
VIII TM / TR / HM TR84
17%
VIII TM / TR / HM TR85
17%
VIII TM / TR / HM TR86
17%
VIII TM / TR / HM TR87
17%
VIII TM / TR / HM TR88
17%
VIII TM / TR / HM TR89
17%
VIII TM / TR / HM TR90
17%
VIII TM / TR / HM TR91
17%
VIII TM / TR / HM TR92
17%
VIII TM / TR / HM TR93
17%
VIII TM / TR / HM TR94
17%
VIII TM / TR / HM TR95
17%
VIII TM / TR / HM TR96
17%
VIII TM / TR / HM TR97
17%
VIII TM / TR / HM TR98
17%
VIII TM / TR / HM TR99
17%
IX Mega Stone Victreebelite
17%
V Item Water Gem
17%
III Berry Watmel Berry
17%
IV Item Wide Lens
17%
VIII Key Item Wishing Star
17%
III Item Yellow Scarf
17%
IX Mega Stone Zeraorite
17%
VII Key Item Z-Ring
17%
VIII Item Adamant Mint
11%
VI Mega Stone Aerodactylite
11%
VII Z-Crystal Aloraichium Z
11%
VI Mega Stone Altarianite
11%
VI Mega Stone Ampharosite
11%
VIII Item Apricorn
11%
VII Item Autograph
11%
V Treasure Balm Mushroom
11%
VII Item Battle Pocket
11%
III Berry Belue Berry
11%
II Item Berserk Gene
11%
I Key Item Bike Voucher
11%
V Item Binding Band
11%
III Medicine Blue Flute
11%
VIII Item Bold Mint
11%
VII Item Bottle Cap
11%
V Mail Bridge Mail D
11%
V Mail Bridge Mail M
11%
V Mail Bridge Mail S
11%
V Mail Bridge Mail T
11%
V Mail Bridge Mail V
11%
IX Item Bug Tera Shard
11%
VII Item Candy Jar
11%
VII Item Catching Pocket
11%
V Item Cell Battery
11%
IX Ingredient Cheese
11%
IX Mega Stone Chimechite
11%
VII Item Clothing Trunk
11%
I Key Item Coin Case
11%
III Berry Cornn Berry
11%
V Treasure Cover Fossil
11%
IV Item Damp Mulch
11%
IX Item Dark Tera Shard
11%
IX Mega Stone Dragalgite
11%
IX Mega Stone Dragoninite
11%
IX Item Dragon Tera Shard
11%
VIII Key Item Dynamax Band
11%
VIII Item Dynamax Candy
11%
VII Z-Crystal Eevium Z
11%
IX Item Electric Tera Shard
11%
VI Key Item Elevator Key (Kalos)
11%
III Key Item Elevator Key (Orre)
11%
III Key Item Eon Ticket
11%
IX Mega Stone Excadrite
11%
IX Item Fairy Feather
11%
IX Item Fairy Tera Shard
11%
IX Mega Stone Falinksite
11%
V Mail Favored Mail
11%
IX Mega Stone Feraligite
11%
IX Item Fighting Tera Shard
11%
VIII Medicine Fine Remedy
11%
IX Item Fire Tera Shard
11%
IX Mega Stone Floettite
11%
III Battle Item Fluffy Tail
11%
IX Item Flying Tera Shard
11%
VIII Treasure Fossilized Bird
11%
VIII Treasure Fossilized Dino
11%
VIII Treasure Fossilized Drake
11%
VIII Treasure Fossilized Fish
11%
IV Item Full Incense
11%
III Berry Ganlon Berry
11%
V Item Genius Feather
11%
IX Item Ghost Tera Shard
11%
VI Mega Stone Glalitite
11%
IX Mega Stone Glimmoranite
11%
II Berry Gold Berry
11%
IX Picnic Item Gold Bottle
11%
VII Berry Golden Razz Berry
11%
IV Item Gooey Mulch
11%
IX Item Grass Tera Shard
11%
V Mail Greet Mail
11%
III Berry Grepa Berry
11%
IX Item Ground Tera Shard
11%
IV Item Growth Mulch
11%
VI Mega Stone Gyaradosite
11%
IX Ingredient Hamburger
11%
VI Mega Stone Houndoominite
11%
IX Berry Hyper Kelpsy Berry
11%
IX Item Ice Tera Shard
11%
V Mail Inquiry Mail
11%
VIII Ingredient Instant Noodles
11%
IV Berry Jaboca Berry
11%
VI Berry Kee Berry
11%
VII Z-Crystal Kommonium Z
11%
III Key Item Letter
11%
V Mail Like Mail
11%
IV Item Luck Incense
11%
VII Z-Crystal Lunalium Z
11%
VII Z-Crystal Lycanium Z
11%
IX Mega Stone Magearnite
11%
III Berry Magost Berry
11%
VII Item Medicine Pocket
11%
VI Key Item Mega Bracelet
11%
IX Mega Stone Meowsticite
11%
VII Z-Crystal Mewnium Z
11%
VI Mega Stone Mewtwonite X
11%
VI Mega Stone Mewtwonite Y
11%
IV Berry Micle Berry
11%
VII Z-Crystal Mimikium Z
11%
IX Item Mirror Herb
11%
III Berry Nomel Berry
11%
IX Ingredient Noodles
11%
IX Item Normal Tera Shard
11%
III Berry Nutpea Berry
11%
IV Item Odd Incense
11%
IV Item Odd Keystone
11%
IV Key Item Pal Pad
11%
III Berry Pamtre Berry
11%
IV Berry Payapa Berry
11%
V Treasure Plume Fossil
11%
IX Item Poison Tera Shard
11%
VII Item Pokémon Box Link
11%
IV Key Item Poké Radar
11%
III Key Item Powder Jar
11%
IV Item Power Belt
11%
VII Item Power-Up Pocket
11%
V Item Prism Scale
11%
IX Item Psychic Tera Shard
11%
III Berry Rabuta Berry
11%
II Key Item Rainbow Feather
11%
VIII Medicine Remedy
11%
V Mail Reply Mail
11%
V Item Ring Target
11%
IV Item Rock Incense
11%
IX Item Rock Tera Shard
11%
IX Key Item Rotom Phone
11%
IV Berry Rowap Berry
11%
V Mail RSVP Mail
11%
VI Item Sachet
11%
VI Treasure Sail Fossil
11%
III Key Item Scanner
11%
IX Mega Stone Scolipite
11%
VI Mega Stone Sharpedonite
11%
II Key Item Silver Feather
11%
IV Item Sky Plate
11%
VI Mega Stone Slowbronite
11%
II Key Item Slowpoke Tail
11%
VIII Item Smoke Bomb
11%
VII Z-Crystal Snorlium Z
11%
VII Z-Crystal Solganium Z
11%
III Berry Spelon Berry
11%
IV Item Stable Mulch
11%
IX Mega Stone Starminite
11%
V Item Steel Gem
11%
IX Item Steel Tera Shard
11%
IX Item Stellar Tera Shard
11%
IV Item Stone Plate
11%
VII Item Super Lure
11%
VIII Item Sweet Apple
11%
V Medicine Sweet Heart
11%
VIII Item Tart Apple
11%
II Item Thick Club
11%
VIII Item Throat Spray
11%
IX Item Water Tera Shard
11%
IV Item Wave Incense
11%
III Berry Wepear Berry
11%
VI Item Whipped Dream
11%
VII Key Item Zygarde Cube
11%
V Battle Item Ability Urge
6%
VIII Item Adamant Crystal
6%
VI Key Item Adventure Guide
6%
IV Mail Air Mail
6%
VI Item Amaze Mulch
6%
IV Key Item Apricorn Box
6%
VI Key Item Aqua Suit
6%
IX Key Item Arboliva Oil
6%
VIII Item Armorite Ore
6%
III Key Item Aurora Ticket
6%
IX Item Auspicious Armor
6%
VIII Item Ball of Mud
6%
IX Ingredient Banana
6%
VIII Key Item Band Autograph
6%
IX Mega Stone Barbaracite
6%
IX TM Material Barboach Slime
6%
IX Mega Stone Baxcalibrite
6%
VII Item Beach Glass
6%
IX Treasure Big Bamboo Shoot
6%
II Berry Bitter Berry
6%
IX Ingredient Bitter Herba Mystica
6%
II Key Item Blue Card
6%
IX Picnic Item Blue-Flag Pick
6%
VI Item Boost Mulch
6%
VIII Item Brave Mint
6%
VIII Ingredient Bread
6%
II Item Brick Piece
6%
VII Candy Bulbasaur Candy
6%
II Berry Burned Berry
6%
VIII Item Calm Mint
6%
IX Medicine Canari Bread
6%
VIII Item Candy Truffle
6%
VIII Item Careful Mint
6%
VIII Key Item Catching Charm
6%
VIII Key Item Celestica Flute
6%
VII Item Chalky Stone
6%
IX Ingredient Cherry Tomatoes
6%
VIII Item Chipped Pot
6%
VIII Item Choice Dumpling
6%
II Key Item Clear Bell
6%
V Item Clever Feather
6%
IX Item Clever Mochi
6%
V Key Item Colress Machine
6%
VI Key Item Common Stone
6%
VI Key Item Contest Costume
6%
III Key Item Contest Pass
6%
IV Key Item Coupon 1
6%
IV Key Item Coupon 2
6%
IV Key Item Coupon 3
6%
VII Candy Courage Candy
6%
VII Candy Courage Candy L
6%
VII Candy Courage Candy XL
6%
VIII Item Cracked Pot
6%
V Key Item Dark Stone
6%
VII Z-Crystal Decidium Z
6%
III Key Item Devon Parts
6%
III Key Item Devon Scope
6%
VI Key Item Devon Scuba Gear
6%
V Battle Item Dire Hit 2
6%
V Battle Item Dire Hit 3
6%
V Key Item DNA Splicers
6%
IX Mega Stone Drampanite
6%
III Berry Drash Berry
6%
IV Item Dread Plate
6%
V Key Item Dropped Item
6%
VIII Item Dynite Ore
6%
III Berry Eggant Berry
6%
II Key Item Egg Ticket
6%
VIII Key Item Endorsement
6%
VI Key Item Eon Flute
6%
VIII Key Item Exp. Charm
6%
IV Key Item Explorer Kit
6%
III Key Item Fame Checker
6%
VIII Ingredient Fancy Apple
6%
IV Key Item Fashion Case
6%
II Mail Flower Mail
6%
VII Key Item Forage Bag
6%
IX Item Fresh-Start Mochi
6%
VIII Item Galarica Cuff
6%
VIII Item Galarica Twig
6%
VIII Item Galarica Wreath
6%
IX Item Genius Mochi
6%
III Berry Ginema Berry
6%
V Key Item God Stone
6%
III Key Item Go-Goggles
6%
VII Item Gold Bottle Cap
6%
VII Berry Golden Nanab Berry
6%
VII Berry Golden Pinap Berry
6%
II Item Gold Leaf
6%
II Item Gorgeous Box
6%
IV Mail Grass Mail
6%
IX Key Item Great Butter
6%
VIII Item Griseous Core
6%
IV Key Item Guidebook
6%
III Mail Harbor Mail
6%
VIII Item Hasty Mint
6%
VII Candy Health Candy
6%
VII Candy Health Candy L
6%
VII Candy Health Candy XL
6%
V Item Health Feather
6%
IX Item Health Mochi
6%
IV Mail Heart Mail
6%
VI Mega Stone Heracronite
6%
VIII Item Hometown Muffin
6%
VIII Berry Hopo Berry
6%
IX Berry Hyper Aspear Berry
6%
IX Berry Hyper Babiri Berry
6%
IX Berry Hyper Charti Berry
6%
IX Berry Hyper Cheri Berry
6%
IX Berry Hyper Chesto Berry
6%
IX Berry Hyper Chilan Berry
6%
IX Berry Hyper Chople Berry
6%
IX Berry Hyper Coba Berry
6%
IX Berry Hyper Colbur Berry
6%
IX Berry Hyper Grepa Berry
6%
IX Berry Hyper Haban Berry
6%
IX Berry Hyper Hondew Berry
6%
IX Berry Hyper Kasib Berry
6%
IX Berry Hyper Kebia Berry
6%
IX Berry Hyper Lum Berry
6%
IX Berry Hyper Occa Berry
6%
IX Berry Hyper Oran Berry
6%
IX Berry Hyper Passho Berry
6%
IX Berry Hyper Payapa Berry
6%
IX Berry Hyper Pecha Berry
6%
IX Berry Hyper Persim Berry
6%
IX Berry Hyper Pomeg Berry
6%
IX Berry Hyper Qualot Berry
6%
IX Berry Hyper Rawst Berry
6%
IX Berry Hyper Rindo Berry
6%
IX Berry Hyper Roseli Berry
6%
IX Berry Hyper Shuca Berry
6%
IX Berry Hyper Sitrus Berry
6%
IX Key Item Hyperspace Butter
6%
IX Berry Hyper Tamato Berry
6%
IX Berry Hyper Tanga Berry
6%
IX Berry Hyper Wacan Berry
6%
IX Berry Hyper Yache Berry
6%
II Berry Ice Berry
6%
IV Item Icicle Plate
6%
VII Key Item Ilima’s Normalium Z
6%
VII Z-Crystal Incinium Z
6%
IX Key Item Indigo Style Card
6%
VI Key Item Intriguing Stone
6%
V Battle Item Item Drop
6%
V Battle Item Item Urge
6%
IV Key Item Jade Orb
6%
IX Ingredient Jam
6%
VIII Item Jolly Mint
6%
VIII Item Jubilife Muffin
6%
IX Ingredient Klawf Stick
6%
IX Key Item Kofu’s Wallet
6%
IX Key Item Koraidon’s Poké Ball
6%
III Berry Kuo Berry
6%
VIII Ingredient Large Leek
6%
VIII Item Lax Mint
6%
VII Item Leaf Letter
6%
VII Key Item Left Poké Ball
6%
VI Key Item Lens Case
6%
IX Ingredient Lettuce
6%
IX Key Item Lida’s Things
6%
I Key Item Lift Key
6%
II Mail Light Blue Mail
6%
V Key Item Light Stone
6%
VIII Item Linking Cord
6%
VIII Item Lonely Mint
6%
II Key Item Lost Item
6%
VIII Item Lustrous Globe
6%
VI Key Item Magma Suit
6%
VII Key Item Makeup Bag
6%
IX Item Malicious Armor
6%
IX TM Material Mankey Fur
6%
VI Berry Maranga Berry
6%
VII Item Marble
6%
IX TM Material Mareep Wool
6%
IX Item Masterpiece Teacup
6%
VII Item Max Lure
6%
VIII Item Medicinal Leek
6%
IV Key Item Member Card
6%
IX Item Metal Alloy
6%
VI Key Item Meteorite Shard
6%
VII Candy Mighty Candy
6%
VII Candy Mighty Candy L
6%
VII Candy Mighty Candy XL
6%
VIII Item Mild Mint
6%
II Berry Mint Berry
6%
II Berry Miracle Berry
6%
IX Key Item Miraidon’s Poké Ball
6%
VIII Item Modest Mint
6%
VII Key Item Moon Flute
6%
III Key Item Moon Shard
6%
IX Ingredient Mustard
6%
II Berry Mystery Berry
6%
II Key Item Mystery Egg
6%
VIII Item Naughty Mint
6%
III Berry Niniku Berry
6%
VII Key Item N-Lunarizer
6%
II Item Normal Box
6%
VII Key Item N-Solarizer
6%
IV Key Item Oak’s Letter
6%
IV Key Item Old Charm
6%
VIII Key Item Old Journal
6%
VIII Key Item Old Letter
6%
III Key Item Old Sea Map
6%
IX Ingredient Onion
6%
V Key Item Oval Charm
6%
VI Key Item Pair of Tickets
6%
II Berry Paralyze Cure Berry
6%
IV Key Item Parcel (Sinnoh)
6%
IX Key Item Pebble
6%
IX Ingredient Pepper
6%
V Key Item Permit
6%
VII Medicine Pewter Crunchies
6%
IV Key Item Photo Album
6%
IX Ingredient Pickle
6%
VII Z-Crystal Pikanium Z
6%
VII Z-Crystal Pikashunium Z
6%
IX Ingredient Pineapple
6%
II Item Pink Bow
6%
VII Item Pink Nectar
6%
II Berry Poison Cure Berry
6%
III Key Item Pokéblock Case
6%
VI Key Item Pokéblock Kit
6%
V Battle Item Poké Toy
6%
VII Item Polished Mud Ball
6%
II Item Polka-Dot Bow
6%
VIII Item Pop Pod
6%
VII Z-Crystal Primarium Z
6%
VI Key Item Prison Bottle
6%
VII Key Item Professor’s Mask
6%
VI Key Item Prof’s Letter
6%
V Key Item Prop Case
6%
IX Ingredient Prosciutto
6%
III Berry Pumkin Berry
6%
IV Item Pure Incense
6%
VII Item Purple Nectar
6%
VIII Item Quiet Mint
6%
III Key Item Rainbow Pass
6%
VIII Item Rash Mint
6%
IX Picnic Item Red-Flag Pick
6%
VII Item Red Nectar
6%
VIII Item Relaxed Mint
6%
V Treasure Relic Copper
6%
V Treasure Relic Crown
6%
V Treasure Relic Statue
6%
V Treasure Relic Vase
6%
V Battle Item Reset Urge
6%
III Mail Retro Mail
6%
IX Ingredient Rice
6%
VI Item Rich Mulch
6%
VII Key Item Ride Pager
6%
VI Key Item Roller Skates
6%
IX TM Material Rookidee Feather
6%
VIII Key Item Rotom Catalog
6%
IV Key Item Rule Book
6%
VIII Item Rusted Shield
6%
VIII Item Rusted Sword
6%
IX Ingredient Salt
6%
IX Ingredient Salty Herba Mystica
6%
VIII Item Sand Radish
6%
IX Key Item Sandwich
6%
VIII Item Scatter Bang
6%
VIII Item Seed of Mastery
6%
VIII Item Serious Mint
6%
VI Medicine Shalour Sable
6%
II Item Silver Leaf
6%
VII Berry Silver Nanab Berry
6%
VII Berry Silver Pinap Berry
6%
VII Berry Silver Razz Berry
6%
VII Item Small Bouquet
6%
VII Key Item Sparkling Stone
6%
IX Ingredient Spicy Herba Mystica
6%
VIII Item Spoiled Apricorn
6%
III Key Item S.S. Ticket (Hoenn)
6%
II Key Item S.S. Ticket (Johto)
6%
I Key Item S.S. Ticket (Kanto)
6%
VIII Item Stealth Spray
6%
VI Mega Stone Steelixite
6%
IV Mail Steel Mail
6%
IV Key Item Sticker Bag
6%
IV Key Item Sticker Case
6%
VIII Item Sticky Glob
6%
VI Item Strange Souvenir
6%
IX Ingredient Strawberry
6%
VII Item Stretchy Spring
6%
III Berry Strib Berry
6%
VIII Key Item Style Card
6%
VII Key Item Sun Flute
6%
III Key Item Sun Shard
6%
VIII Medicine Superb Remedy
6%
IX Key Item Super Lumiose Galette
6%
II Mail Surf Mail
6%
VI Item Surprise Mulch
6%
VIII Item Swap Snack
6%
IX Ingredient Sweet Herba Mystica
6%
IX Item Syrupy Apple
6%
IX TM Material Tadbulb Mucus
6%
III Key Item Teachy TV
6%
IX Key Item Teal Style Card
6%
II Item Teru-sama
6%
V Mail Thanks Mail
6%
IV Key Item Tidal Bell
6%
III Item Time Flute
6%
VIII Item Timid Mint
6%
IX Treasure Tiny Bamboo Shoot
6%
IX Ingredient Tofu
6%
III Berry Topo Berry
6%
VIII Key Item Torn Journal
6%
III Berry Touga Berry
6%
VI Key Item Travel Trunk
6%
III Key Item Tri-Pass
6%
VIII Item Twice-Spiced Radish
6%
IX Item Unremarkable Teacup
6%
VIII Item Utility Umbrella
6%
VIII Item Vivichoke
6%
IV Key Item Vs. Recorder
6%
III Key Item Vs. Seeker
6%
III Mail Wave Mail
6%
IX Ingredient Whipped Cream
6%
VIII Item Wishing Chip
6%
VIII Item Wishing Piece
6%
V Battle Item X Accuracy 2
6%
V Battle Item X Accuracy 3
6%
V Battle Item X Accuracy 6
6%
V Battle Item X Attack 2
6%
V Battle Item X Attack 3
6%
V Battle Item X Attack 6
6%
V Battle Item X Defense 2
6%
V Battle Item X Defense 3
6%
V Battle Item X Defense 6
6%
V Battle Item X Sp. Atk 2
6%
V Battle Item X Sp. Atk 3
6%
V Battle Item X Sp. Atk 6
6%
V Battle Item X Sp. Def 2
6%
V Battle Item X Sp. Def 3
6%
V Battle Item X Sp. Def 6
6%
V Battle Item X Speed 2
6%
V Battle Item X Speed 3
6%
V Battle Item X Speed 6
6%
V Key Item Xtransceiver
6%
III Berry Yago Berry
6%
VII Item Yellow Nectar
6%
VII Key Item Z-Power Ring
6%
VI Item Ability Capsule
0%
VIII Item Ability Patch
0%
VII Candy Abra Candy
0%
IX Picnic Item Academy Ball
0%
IX Picnic Item Academy Bottle
0%
IX Picnic Item Academy Chairs
0%
IX Picnic Item Academy Cup
0%
IX Picnic Item Academy Tablecloth
0%
VII Candy Aerodactyl Candy
0%
IX TM Material Aipom Hair
0%
IX TM Material Alomomola Mucus
0%
IX Key Item Amazing Butter
0%
IX TM Material Applin Juice
0%
VIII Key Item Armor Pass
0%
IX TM Material Arrokuda Scales
0%
VII Candy Articuno Candy
0%
IX Key Item Articuno Treat
0%
IX Key Item Autographed Plush
0%
VIII Battle Item Aux Evasion
0%
VIII Battle Item Aux Guard
0%
VIII Battle Item Aux Power
0%
VIII Battle Item Aux Powerguard
0%
IX Ingredient Avocado
0%
IX TM Material Axew Scales
0%
VIII Key Item Azelf’s Fang
0%
IX TM Material Azurill Fur
0%
VIII Ingredient Bach’s Food Tin
0%
IX Ingredient Bacon
0%
IX TM Material Bagon Scales
0%
IX Ingredient Baguette
0%
IX Picnic Item Barred Cup
0%
VIII Key Item Basculegion Food
0%
IX TM Material Basculin Fang
0%
III Key Item Basement Key (Hoenn)
0%
II Key Item Basement Key (Johto)
0%
IX Ingredient Basil
0%
III Item Battle CD 01
0%
III Item Battle CD 02
0%
III Item Battle CD 03
0%
III Item Battle CD 04
0%
III Item Battle CD 05
0%
III Item Battle CD 06
0%
III Item Battle CD 07
0%
III Item Battle CD 08
0%
III Item Battle CD 09
0%
III Item Battle CD 10
0%
III Item Battle CD 11
0%
III Item Battle CD 12
0%
III Item Battle CD 13
0%
III Item Battle CD 14
0%
III Item Battle CD 15
0%
III Item Battle CD 16
0%
III Item Battle CD 17
0%
III Item Battle CD 18
0%
III Item Battle CD 19
0%
III Item Battle CD 20
0%
III Item Battle CD 21
0%
III Item Battle CD 22
0%
III Item Battle CD 23
0%
III Item Battle CD 24
0%
III Item Battle CD 25
0%
III Item Battle CD 26
0%
III Item Battle CD 27
0%
III Item Battle CD 28
0%
III Item Battle CD 29
0%
III Item Battle CD 30
0%
III Item Battle CD 31
0%
III Item Battle CD 32
0%
III Item Battle CD 33
0%
III Item Battle CD 34
0%
III Item Battle CD 35
0%
III Item Battle CD 36
0%
III Item Battle CD 37
0%
III Item Battle CD 38
0%
III Item Battle CD 39
0%
III Item Battle CD 40
0%
III Item Battle CD 41
0%
III Item Battle CD 42
0%
III Item Battle CD 43
0%
III Item Battle CD 44
0%
III Item Battle CD 45
0%
III Item Battle CD 46
0%
III Item Battle CD 47
0%
III Item Battle CD 48
0%
III Item Battle CD 49
0%
III Item Battle CD 50
0%
III Item Battle CD 51
0%
III Item Battle CD 52
0%
III Item Battle CD 53
0%
III Item Battle CD 54
0%
III Item Battle CD 55
0%
III Item Battle CD 56
0%
III Item Battle CD 57
0%
III Item Battle CD 58
0%
III Item Battle CD 59
0%
III Item Battle CD 60
0%
IX Picnic Item Battle Chairs
0%
IX Picnic Item Battle Tablecloth
0%
III Mail Bead Mail
0%
VIII Item Bean Cake
0%
IX TM Material Beldum Claw
0%
VII Candy Bellsprout Candy
0%
IX TM Material Bellsprout Vine
0%
IX TM Material Bergmite Ice
0%
IV Key Item Berry Pots
0%
VIII Item Berry Sweet
0%
II Item Black Apricorn
0%
VIII Item Black Augurite
0%
VIII Key Item Black Mane Hair
0%
VIII Item Black Tumblestone
0%
VIII Item Blank Plate
0%
IX TM Material Blitzle Mane Hair
0%
IV Mail Bloom Mail
0%
II Item Blue Apricorn
0%
IX Picnic Item Blueberry Chairs
0%
IX Picnic Item Blueberry Tablecloth
0%
IX Picnic Item Blue Bottle
0%
IX Key Item Blue Canari Plush
0%
IX Picnic Item Blue Chairs
0%
IX Picnic Item Blue Cup
0%
IX Picnic Item Blue Dish
0%
III Key Item Blue ID Badge
0%
VII Key Item Blue Petal
0%
IX Picnic Item Blue Poké Ball Pick
0%
IX Picnic Item Blue-Sky Flower Pick
0%
II Mail Blue Sky Mail
0%
IX Picnic Item Blue Tablecloth
0%
VIII Ingredient Bob’s Food Tin
0%
VIII Ingredient Boiled Egg
0%
IX TM Material Bombirdier Feather
0%
III Key Item Bonsly Card
0%
III Key Item Bonsly Photo
0%
IX TM Material Bonsly Tears
0%
IX TM Material Bounsweet Sweat
0%
IX TM Material Bramblin Twig
0%
IX Key Item Briar’s Book
0%
IV Mail Brick Mail
0%
VIII Ingredient Brittle Bones
0%
IX Picnic Item Bronze Bottle
0%
IX Picnic Item Bronze Cup
0%
IX TM Material Bronzor Fragment
0%
IX TM Material Bruxish Tooth
0%
IV Mail Bubble Mail
0%
VII Item Bug Memory
0%
VIII Item Bugwort
0%
IX TM Material Buizel Fur
0%
IX Picnic Item B&W Grass Chairs
0%
IX Picnic Item B&W Grass Tablecloth
0%
IX TM Material Cacnea Needle
0%
VIII Item Cake-Lure Base
0%
VIII Key Item Camping Gear
0%
IX TM Material Capsakid Seed
0%
IX TM Material Carbink Jewel
0%
II Key Item Card Key (Johto)
0%
I Key Item Card Key (Kanto)
0%
III Key Item Card Key (Orre)
0%
VIII Key Item Carrot Seeds
0%
VIII Item Caster Fern
0%
VII Candy Caterpie Candy
0%
IX TM Material Cetoddle Grease
0%
VII Candy Chansey Candy
0%
IX TM Material Charcadet Soot
0%
VII Candy Charmander Candy
0%
IX Key Item Cherished Ring
0%
IX TM Material Chewtle Claw
0%
IX Ingredient Chili Sauce
0%
IX TM Material Chinchou Sparks
0%
IX TM Material Chingling Fragment
0%
IX Ingredient Chorizo
0%
IX TM Material Clauncher Claw
0%
VII Candy Clefairy Candy
0%
IX TM Material Cleffa Fur
0%
VIII Item Clover Sweet
0%
IX Key Item Cobalion Treat
0%
VIII Ingredient Coconut Milk
0%
III Key Item Cologne Case
0%
IX Item Colorful Screw
0%
IX TM Material Combee Honey
0%
IX TM Material Comfey Flower
0%
IX Item Cornerstone Mask
0%
IX TM Material Corphish Shell
0%
IX TM Material Cottonee Fluff
0%
IX TM Material Crabrawler Shell
0%
VIII Key Item Crafting Kit
0%
IX TM Material Cramorant Down
0%
IX TM Material Cranidos Spike
0%
IX Ingredient Cream Cheese
0%
IX TM Material Croagunk Poison
0%
VIII Key Item Crown Pass
0%
VIII Item Crunchy Salt
0%
III Key Item Cry Analyzer
0%
IX TM Material Cryogonal Ice
0%
IX Key Item Crystal Cluster
0%
IX TM Material Cubchoo Fur
0%
VII Candy Cubone Candy
0%
IX TM Material Cufant Tarnish
0%
IX Ingredient Curry Powder
0%
IX TM Material Cutiefly Powder
0%
IX Picnic Item Cyber Ball
0%
IX TM Material Cyclizar Scales
0%
VII Item Dark Memory
0%
IX Mega Stone Darkranite
0%
IV Item Data Card 01
0%
IV Item Data Card 02
0%
IV Item Data Card 03
0%
IV Item Data Card 04
0%
IV Item Data Card 05
0%
IV Item Data Card 06
0%
IV Item Data Card 07
0%
IV Item Data Card 08
0%
IV Item Data Card 09
0%
IV Item Data Card 10
0%
IV Item Data Card 11
0%
IV Item Data Card 12
0%
IV Item Data Card 13
0%
IV Item Data Card 14
0%
IV Item Data Card 15
0%
IV Item Data Card 16
0%
IV Item Data Card 17
0%
IV Item Data Card 18
0%
IV Item Data Card 19
0%
IV Item Data Card 20
0%
IV Item Data Card 21
0%
IV Item Data Card 22
0%
IV Item Data Card 23
0%
IV Item Data Card 24
0%
IV Item Data Card 25
0%
IV Item Data Card 26
0%
IV Item Data Card 27
0%
III Key Item Data ROM
0%
VIII Item Dazzling Honey
0%
III Key Item D-Disk
0%
IX TM Material Dedenne Fur
0%
IX TM Material Deerling Hair
0%
IX TM Material Deino Scales
0%
IX TM Material Delibird Parcel
0%
IX TM Material Dewpider Thread
0%
IX Picnic Item Diamond Bottle
0%
IX Picnic Item Diamond Chairs
0%
IX Picnic Item Diamond Pattern Cup
0%
IX Picnic Item Diamond Tablecloth
0%
IV Treasure Digger Drill
0%
VII Candy Diglett Candy
0%
IX TM Material Diglett Dirt
0%
VIII Item Direshroom
0%
IX Key Item Dirty Scarf
0%
III Key Item Disc Case
0%
VI Item Discount Coupon
0%
VIII Treasure Discovery Slate
0%
VIII Treasure Distortion Slate
0%
VII Candy Ditto Candy
0%
IX TM Material Ditto Goo
0%
III Key Item DNA Sample
0%
VII Candy Doduo Candy
0%
IX TM Material Doduo Down
0%
IX TM Material Dondozo Whisker
0%
VIII Item Doppel Bonnets
0%
III Key Item Down St. Key
0%
VII Item Dragon Memory
0%
V Key Item Dragon Skull
0%
VII Candy Dratini Candy
0%
IX TM Material Dratini Scales
0%
III Mail Dream Mail
0%
IX TM Material Dreepy Powder
0%
IX TM Material Drifloon Gas
0%
IX TM Material Drilbur Claw
0%
VII Candy Drowzee Candy
0%
IX TM Material Drowzee Fur
0%
VIII Key Item DS Sounds
0%
IX TM Material Ducklett Feather
0%
IX TM Material Dunsparce Scales
0%
IX TM Material Duraludon Tarnish
0%
IX TM Material Duskull Fragment
0%
VIII Item Dynamax Crystal
0%
VII Candy Eevee Candy
0%
IX Picnic Item Eevee Cup
0%
IX TM Material Eevee Fur
0%
III Key Item Ein File C
0%
III Key Item Ein File F
0%
III Key Item Ein File H
0%
III Key Item Ein File P
0%
III Key Item Ein File S
0%
IX TM Material Eiscue Down
0%
VII Candy Ekans Candy
0%
IX TM Material Ekans Fang
0%
VII Candy Electabuzz Candy
0%
VII Item Electric Memory
0%
IX TM Material Elekid Fur
0%
IV Key Item Enigma Stone
0%
VII Key Item Enigmatic Card
0%
IX Key Item Entei Treat
0%
II Mail Eon Mail
0%
IX Key Item Épice Noire
0%
IX TM Material Espurr Fur
0%
VIII Key Item Eternal Ice
0%
III Item Excite Scent
0%
VII Candy Exeggcute Candy
0%
IX TM Material Exeggcute Shell
0%
IX Picnic Item Exercise Ball
0%
III Mail Fab Mail
0%
VII Item Fairy Memory
0%
IX TM Material Falinks Sweat
0%
VII Candy Farfetch’d Candy
0%
III Key Item F-Disk
0%
IX TM Material Feebas Scales
0%
VII Item Festival Ticket
0%
IX TM Material Fidough Fur
0%
IX Picnic Item Fiery Pick
0%
VII Item Fighting Memory
0%
IX TM Material Finizen Mucus
0%
IX TM Material Finneon Scales
0%
VII Item Fire Memory
0%
IX Picnic Item Fire Pattern Cup
0%
IX TM Material Flabébé Pollen
0%
IV Mail Flame Mail
0%
IX TM Material Flamigo Down
0%
IX TM Material Fletchling Feather
0%
IX TM Material Flittle Down
0%
IX Picnic Item Flower Pattern Cup
0%
VIII Item Flower Sweet
0%
VII Item Flying Memory
0%
IX TM Material Fomantis Leaf
0%
IX TM Material Foongus Spores
0%
VIII Key Item Forest Balm
0%
VIII Ingredient Fresh Cream
0%
IX Ingredient Fried Fillet
0%
VIII Ingredient Fried Food
0%
IX TM Material Frigibax Scales
0%
VIII Ingredient Fruit Bunch
0%
IV Key Item Galactic Key
0%
VII Candy Gastly Candy
0%
IX TM Material Gastly Gas
0%
IV Key Item GB Sounds
0%
III Key Item Gear
0%
VIII Treasure Genome Slate
0%
VIII Item Gentle Mint
0%
VII Candy Geodude Candy
0%
IX TM Material Geodude Fragment
0%
VII Item Ghost Memory
0%
IX TM Material Gible Scales
0%
VIII Ingredient Gigantamix
0%
IX TM Material Gimmighoul Coin
0%
IX TM Material Girafarig Fur
0%
IX Key Item Glastrier Treat
0%
IX TM Material Gligar Fang
0%
IX Key Item Glimmering Charm
0%
IX TM Material Glimmet Crystal
0%
III Mail Glitter Mail
0%
IX Key Item Gold Canari Plush
0%
IX Picnic Item Gold Cup
0%
VII Candy Goldeen Candy
0%
IX Picnic Item Gold Pick
0%
I Key Item Gold Teeth
0%
IX TM Material Golett Shard
0%
III Key Item Gonzap’s Key
0%
IX TM Material Goomy Goo
0%
IX TM Material Gothita Eyelash
0%
VIII Item Grain Cake
0%
V Key Item Gram 1
0%
V Key Item Gram 2
0%
V Key Item Gram 3
0%
VII Item Grass Memory
0%
IX TM Material Greavard Wax
0%
II Item Green Apricorn
0%
IX Ingredient Green Bell Pepper
0%
IX Key Item Green Canari Plush
0%
IX Picnic Item Green Dish
0%
III Key Item Green ID Badge
0%
VII Key Item Green Petal
0%
IX Picnic Item Green Poké Ball Pick
0%
VII Candy Grimer Candy
0%
IX TM Material Grimer Toxin
0%
VIII Item Grit Dust
0%
VIII Item Grit Gravel
0%
VIII Item Grit Pebble
0%
VIII Item Grit Rock
0%
IX Key Item Groudon Treat
0%
VII Item Ground Memory
0%
VII Candy Growlithe Candy
0%
IX TM Material Growlithe Fur
0%
IX TM Material Grubbin Thread
0%
V Key Item Grubby Hanky
0%
IX TM Material Gulpin Mucus
0%
IX TM Material Happiny Dust
0%
IX TM Material Hatenna Dust
0%
IX TM Material Hawlucha Down
0%
IX Item Hearthflame Mask
0%
VIII Item Hearty Grains
0%
IX TM Material Heracross Claw
0%
IX Ingredient Herbed Sausage
0%
IX Picnic Item Heroic Sword Pick
0%
IX TM Material Hippopotas Sand
0%
VIII Key Item Hi-tech Earbuds
0%
VII Candy Hitmonchan Candy
0%
VII Candy Hitmonlee Candy
0%
IX Key Item Hoennian Salt
0%
VI Key Item Holo Caster
0%
VIII Item Honey Cake
0%
VI Key Item Honor of Kalos
0%
IX Key Item Ho-Oh Treat
0%
IX TM Material Hoothoot Feather
0%
IX TM Material Hoppip Leaf
0%
VII Candy Horsea Candy
0%
IX TM Material Horsea Ink
0%
IX Ingredient Horseradish
0%
IX TM Material Houndour Fang
0%
VII Item Ice Memory
0%
VIII Key Item Iceroot Carrot
0%
III Key Item ID Card
0%
IX TM Material Igglybuff Fluff
0%
IX TM Material Illumise Fluid
0%
IX TM Material Impidimp Hair
0%
VIII Item Impish Mint
0%
IX Key Item Important Letter
0%
IX TM Material Indeedee Fur
0%
IX Key Item Indigo Disk
0%
IX TM Material Inkay Ink
0%
VIII Item Iron Barktongue
0%
VIII Item Iron Chunk
0%
III Key Item Jail Key
0%
IX Ingredient Jalapeño
0%
IX TM Material Jangmo-o Scales
0%
VII Candy Jigglypuff Candy
0%
VIII Treasure Johto Slate
0%
IX TM Material Joltik Thread
0%
III Item Joy Scent
0%
VII Candy Jynx Candy
0%
VII Candy Kabuto Candy
0%
VII Candy Kangaskhan Candy
0%
VIII Treasure Kanto Slate
0%
IX Ingredient Ketchup
0%
III Key Item Key to Room 1
0%
III Key Item Key to Room 2
0%
IX Key Item Key to Room 202
0%
III Key Item Key to Room 4
0%
III Key Item Key to Room 6
0%
VIII Item King’s Leaf
0%
IX Ingredient Kiwi
0%
IX TM Material Klawf Claw
0%
IX TM Material Klefki Key
0%
VII Candy Koffing Candy
0%
IX TM Material Koffing Gas
0%
IX TM Material Komala Claw
0%
VII Candy Krabby Candy
0%
III Key Item Krane Memo 1
0%
III Key Item Krane Memo 2
0%
III Key Item Krane Memo 3
0%
III Key Item Krane Memo 4
0%
III Key Item Krane Memo 5
0%
IX TM Material Kricketot Shell
0%
IX Key Item Kubfu Treat
0%
IX Key Item Kyogre Treat
0%
IX Key Item Kyurem Treat
0%
IX Key Item Lab Key Card A
0%
IX Key Item Lab Key Card B
0%
IX Key Item Lab Key Card C
0%
IX Key Item Lab Key Card M
0%
IX Key Item Lab Key Card X
0%
VII Candy Lapras Candy
0%
IX TM Material Lapras Teardrop
0%
IX TM Material Larvesta Fuzz
0%
IX TM Material Larvitar Claw
0%
IX Key Item Latias Treat
0%
IX Key Item Latios Treat
0%
III Key Item L-Disk
0%
IX Item Leader’s Crest
0%
IX Picnic Item Leafy Chairs
0%
IX Picnic Item Leafy Tablecloth
0%
IX TM Material Lechonk Hair
0%
VIII Key Item Legendary Clue?
0%
VIII Key Item Legendary Clue 1
0%
VIII Key Item Legendary Clue 2
0%
VIII Key Item Legendary Clue 3
0%
VIII Item Legend Plate
0%
V Key Item Liberty Pass
0%
VII Candy Lickitung Candy
0%
IX Picnic Item Lilac Chairs
0%
IX Picnic Item Lilac Tablecloth
0%
IX TM Material Litleo Tuft
0%
IX TM Material Litwick Soot
0%
IV Key Item Lock Capsule
0%
VII Item Lone Earring
0%
VI Key Item Looker Ticket
0%
IV Key Item Loot Sack
0%
VIII Key Item Lost Satchel
0%
IX TM Material Lotad Leaf
0%
II Mail Lovely Mail
0%
VIII Item Love Sweet
0%
IX Key Item Lugia Treat
0%
IX Key Item Lumiosian Butter
0%
IX Key Item Lunala Treat
0%
IV Key Item Lunar Feather
0%
IX TM Material Luvdisc Scales
0%
II Key Item Machine Part (Johto)
0%
III Key Item Machine Part (Orre)
0%
VII Candy Machop Candy
0%
IX TM Material Magby Hair
0%
IX Picnic Item Magical Heart Pick
0%
IX Picnic Item Magical Star Pick
0%
VII Candy Magikarp Candy
0%
IX TM Material Magikarp Scales
0%
III Key Item Magma Emblem
0%
VII Candy Magmar Candy
0%
IV Key Item Magma Stone
0%
VII Candy Magnemite Candy
0%
IX TM Material Magnemite Screw
0%
III Key Item Maingate Key
0%
IX TM Material Makuhita Sweat
0%
VII Candy Mankey Candy
0%
IX TM Material Mareanie Spike
0%
IX Picnic Item Marill Ball
0%
VIII Key Item Mark Charm
0%
IX Ingredient Marmalade
0%
VII Z-Crystal Marshadium Z
0%
VIII Key Item Marsh Balm
0%
IX TM Material Maschiff Fang
0%
VIII Medicine Max Honey
0%
VIII Battle Item Max Mushrooms
0%
IX Ingredient Mayonnaise
0%
III Key Item Mayor’s Note
0%
III Mail Mech Mail
0%
V Key Item Medal Box
0%
IX TM Material Meditite Sweat
0%
VI Key Item Mega Anchor
0%
VI Key Item Mega Anklet
0%
VI Item Mega Charm
0%
VI Key Item Mega Cuff
0%
VI Key Item Mega Glasses
0%
VI Item Mega Glove
0%
VI Key Item Mega Pendant
0%
IX Item Mega Shard
0%
VI Key Item Mega Stickpin
0%
VI Key Item Mega Tiara
0%
VII Candy Meltan Candy
0%
VII Candy Meowth Candy
0%
IX TM Material Meowth Fur
0%
VIII Key Item Mesprit’s Plume
0%
VII Candy Mew Candy
0%
VII Candy Mewtwo Candy
0%
IX TM Material Mienfoo Claw
0%
IX TM Material Milcery Cream
0%
IX TM Material Mimikyu Scrap
0%
IX TM Material Minccino Fur
0%
IX TM Material Minior Shell
0%
IX Picnic Item Mint Chairs
0%
IX Picnic Item Mint Tablecloth
0%
IX TM Material Minun Fur
0%
II Mail Mirage Mail
0%
III Key Item Miror Radar
0%
IX TM Material Misdreavus Tears
0%
VIII Ingredient Mixed Mushrooms
0%
VII Candy Moltres Candy
0%
IX Key Item Moltres Treat
0%
IX Picnic Item Monstrous Chairs
0%
IX Picnic Item Monstrous Tablecloth
0%
VIII Ingredient Moomoo Cheese
0%
IX TM Material Morpeko Snack
0%
II Mail Morph Mail
0%
IV Mail Mosaic Mail
0%
VIII Key Item Mountain Balm
0%
VII Candy Mr. Mime Candy
0%
IX TM Material Mudbray Mud
0%
IX TM Material Munchlax Fang
0%
IX TM Material Murkrow Bauble
0%
V Item Muscle Feather
0%
IX Item Muscle Mochi
0%
VIII Item Mushroom Cake
0%
III Key Item Music Disc
0%
II Mail Music Mail
0%
VIII Key Item Mysterious Balm
0%
VIII Treasure Mysterious Shard L
0%
VIII Treasure Mysterious Shard S
0%
III Key Item Mystic Ticket
0%
IX Key Item Mythical Pecha Berry
0%
IX TM Material Nacli Salt
0%
VIII Item Naive Mint
0%
IX Key Item Necrozma Treat
0%
IX Key Item Nice Butter
0%
VII Candy Nidoran♀ Candy
0%
VII Candy Nidoran♂ Candy
0%
IX TM Material Noibat Fur
0%
IX TM Material Nosepass Fragment
0%
IX TM Material Numel Lava
0%
IX TM Material Nymble Claw
0%
VIII Treasure Oceanic Slate
0%
VII Candy Oddish Candy
0%
IX TM Material Oddish Leaf
0%
VIII Key Item Old Verse 1
0%
VIII Key Item Old Verse 10
0%
VIII Key Item Old Verse 11
0%
VIII Key Item Old Verse 12
0%
VIII Key Item Old Verse 13
0%
VIII Key Item Old Verse 14
0%
VIII Key Item Old Verse 15
0%
VIII Key Item Old Verse 16
0%
VIII Key Item Old Verse 17
0%
VIII Key Item Old Verse 18
0%
VIII Key Item Old Verse 19
0%
VIII Key Item Old Verse 2
0%
VIII Key Item Old Verse 20
0%
VIII Key Item Old Verse 3
0%
VIII Key Item Old Verse 4
0%
VIII Key Item Old Verse 5
0%
VIII Key Item Old Verse 6
0%
VIII Key Item Old Verse 7
0%
VIII Key Item Old Verse 8
0%
VIII Key Item Old Verse 9
0%
IX Ingredient Olive Oil
0%
VII Candy Omanyte Candy
0%
VII Candy Onix Candy
0%
IX Picnic Item Orange Dish
0%
III Mail Orange Mail
0%
VII Key Item Orange Petal
0%
IX TM Material Oranguru Fur
0%
IX TM Material Oricorio Feather
0%
VIII Key Item Origin Ore
0%
IX TM Material Orthworm Tarnish
0%
IX TM Material Pachirisu Fur
0%
VIII Ingredient Packaged Curry
0%
VIII Ingredient Pack of Potatoes
0%
VII Candy Paras Candy
0%
IX Picnic Item Parasol Pick
0%
IX Picnic Item Party Sparkler Pick
0%
IX TM Material Passimian Fur
0%
V Item Pass Orb
0%
VIII Ingredient Pasta
0%
IX TM Material Pawmi Fur
0%
IX TM Material Pawniard Blade
0%
IX Picnic Item Peach Chairs
0%
IX Picnic Item Peach Tablecloth
0%
IX Ingredient Peanut Butter
0%
VIII Item Peat Block
0%
VIII Item Pep-Up Plant
0%
IX TM Material Petilil Leaf
0%
IX TM Material Phanpy Nail
0%
IX TM Material Phantump Twig
0%
IX TM Material Pichu Fur
0%
IX Picnic Item Picnic Set
0%
VII Candy Pidgey Candy
0%
VII Candy Pikachu Candy
0%
IX Picnic Item Pikachu Cup
0%
IX Picnic Item Pika-Pika Pick
0%
IX TM Material Pikipek Feather
0%
IX TM Material Pincurchin Spines
0%
IX TM Material Pineco Husk
0%
II Item Pink Apricorn
0%
IX Picnic Item Pink Bottle
0%
IX Key Item Pink Canari Plush
0%
IX Picnic Item Pink Chairs
0%
IX Picnic Item Pink Cup
0%
VII Key Item Pink Petal
0%
IX Picnic Item Pink Tablecloth
0%
VII Candy Pinsir Candy
0%
IX Picnic Item Plaid Chairs (B)
0%
IX Picnic Item Plaid Chairs (R)
0%
IX Picnic Item Plaid Chairs (Y)
0%
IX Picnic Item Plaid Tablecloth (B)
0%
IX Picnic Item Plaid Tablecloth (R)
0%
IX Picnic Item Plaid Tablecloth (Y)
0%
V Key Item Plasma Card
0%
VIII Item Plump Beans
0%
IX TM Material Plusle Fur
0%
IV Key Item Point Card
0%
VII Item Poison Memory
0%
VIII Item Pokéshi Doll
0%
III Item Poké Snack
0%
VII Candy Poliwag Candy
0%
IX TM Material Poliwag Slime
0%
IX Picnic Item Polka-Dot Bottle
0%
IX Picnic Item Polka-Dot Chairs
0%
IX Picnic Item Polka-Dot Cup
0%
IX Picnic Item Polka-Dot Tablecloth
0%
IX TM Material Poltchageist Powder
0%
VII Candy Ponyta Candy
0%
IX TM Material Poochyena Fang
0%
IX Key Item Popping Candy
0%
II Mail Portrait Mail
0%
VII Candy Porygon Candy
0%
IX TM Material Porygon Fragment
0%
IX Ingredient Potato Salad
0%
IX Ingredient Potato Tortilla
0%
VI Key Item Power Plant Pass
0%
III Key Item Powerup Part
0%
VIII Ingredient Precooked Burger
0%
V Treasure Pretty Feather
0%
VII Item Psychic Memory
0%
VII Candy Psyduck Candy
0%
IX TM Material Psyduck Down
0%
VIII Ingredient Pungent Root
0%
VII Key Item Purple Petal
0%
VII Candy Quick Candy
0%
VII Candy Quick Candy L
0%
VII Candy Quick Candy XL
0%
IX TM Material Qwilfish Spines
0%
VIII Key Item Radiant Petal
0%
IX Key Item Raikou Treat
0%
VII Key Item Rainbow Flower
0%
VIII Treasure Rainbow Slate
0%
IX TM Material Ralts Dust
0%
VII Candy Rattata Candy
0%
IX Key Item Rayquaza Treat
0%
III Key Item R-Disk
0%
II Item Red Apricorn
0%
IX Ingredient Red Bell Pepper
0%
IX Key Item Red Canari Plush
0%
IV Key Item Red Chain
0%
IX Picnic Item Red Dish
0%
III Key Item Red ID Badge
0%
IX Ingredient Red Onion
0%
VII Key Item Red Petal
0%
IX Picnic Item Red Poké Ball Pick
0%
II Key Item Red Scale
0%
VIII Key Item Reins of Unity
0%
V Treasure Relic Band
0%
V Treasure Relic Gold
0%
V Treasure Relic Silver
0%
IX TM Material Rellor Mud
0%
IX Key Item Reshiram Treat
0%
V Item Resist Feather
0%
IX Item Resist Mochi
0%
V Key Item Reveal Glass
0%
IX Key Item Revitalizing Twig
0%
VII Candy Rhyhorn Candy
0%
IX TM Material Rhyhorn Fang
0%
VIII Item Ribbon Sweet
0%
IX TM Material Riolu Fur
0%
VII Item Rock Memory
0%
IX TM Material Rockruff Rock
0%
IX TM Material Rolycoly Coal
0%
VII Rotom Power Roto Bargain
0%
VII Rotom Power Roto Boost
0%
VII Rotom Power Roto Catch
0%
VII Rotom Power Roto Encounter
0%
VII Rotom Power Roto Exp. Points
0%
VII Rotom Power Roto Friendship
0%
VII Rotom Power Roto Hatch
0%
VII Rotom Power Roto HP Restore
0%
IX TM Material Rotom Sparks
0%
VII Rotom Power Roto PP Restore
0%
VII Rotom Power Roto Prize Money
0%
VII Rotom Power Roto Stealth
0%
IX Key Item Roto-Stick
0%
III Key Item Ruby
0%
IX TM Material Rufflet Feather
0%
IX TM Material Sableye Gem
0%
III Key Item Safe Key
0%
VIII Ingredient Salad Mix
0%
IX TM Material Salandit Gas
0%
VIII Item Salt Cake
0%
IX TM Material Sandile Claw
0%
VII Candy Sandshrew Candy
0%
IX TM Material Sandshrew Claw
0%
IX TM Material Sandygast Sand
0%
III Key Item Sapphire
0%
VIII Item Sassy Mint
0%
VIII Ingredient Sausages
0%
IX Key Item Scarlet Book
0%
IX TM Material Scatterbug Powder
0%
IX Mega Stone Scraftinite
0%
IX TM Material Scraggy Sweat
0%
IX Key Item Scroll of Darkness
0%
IX Key Item Scroll of Waters
0%
VII Candy Scyther Candy
0%
IX TM Material Scyther Claw
0%
I Key Item Secret Key (Kanto)
0%
IV Key Item Secret Key (Sinnoh)
0%
II Key Item Secret Medicine
0%
IX TM Material Seedot Stem
0%
VII Candy Seel Candy
0%
IX TM Material Seel Fur
0%
IX TM Material Sentret Fur
0%
IX TM Material Seviper Fang
0%
IX TM Material Sewaddle Leaf
0%
VIII Key Item Shaderoot Carrot
0%
III Mail Shadow Mail
0%
VII Candy Shellder Candy
0%
IX TM Material Shellder Pearl
0%
IX TM Material Shellos Mucus
0%
IX TM Material Shieldon Claw
0%
IX TM Material Shinx Fang
0%
IX TM Material Shroodle Ink
0%
IX TM Material Shroomish Spores
0%
IX TM Material Shuppet Scrap
0%
IX TM Material Silicobra Sand
0%
IX Picnic Item Silver Bottle
0%
IX Picnic Item Silver Cup
0%
IX Picnic Item Silver Pick
0%
IX Picnic Item Simple Chairs
0%
IX TM Material Sinistea Chip
0%
IX Mega Stone Skarmorite
0%
IX TM Material Skarmory Feather
0%
IX TM Material Skiddo Leaf
0%
IX TM Material Skrelp Kelp
0%
IX TM Material Skwovet Fur
0%
VIII Item Sky Tumblestone
0%
IX TM Material Slakoth Fur
0%
VII Candy Slowpoke Candy
0%
IX TM Material Slowpoke Claw
0%
IX Picnic Item Slowpoke Cup
0%
IX TM Material Slugma Lava
0%
III Key Item Small Tablet
0%
VII Candy Smart Candy
0%
VII Candy Smart Candy L
0%
VII Candy Smart Candy XL
0%
IX TM Material Smeargle Paint
0%
IX Picnic Item Smiling Vee Pick
0%
IX Ingredient Smoked Fillet
0%
VIII Ingredient Smoke-Poke Tail
0%
IX TM Material Smoliv Oil
0%
IX TM Material Sneasel Claw
0%
IX TM Material Snom Thread
0%
VII Candy Snorlax Candy
0%
IX TM Material Snorunt Fur
0%
IX TM Material Snover Berries
0%
VIII Key Item Snow Balm
0%
IV Mail Snow Mail
0%
IX TM Material Snubbull Hair
0%
IX Key Item Solgaleo Treat
0%
IX TM Material Solosis Gel
0%
VIII Key Item Sonia’s Book
0%
VIII Item Sootfoot Root
0%
III Key Item Soot Sack
0%
VIII Treasure Soul Slate
0%
IX Ingredient Sour Herba Mystica
0%
VIII Key Item Space Balm
0%
IV Mail Space Mail
0%
VII Candy Spearow Candy
0%
IX Key Item Spectrier Treat
0%
VIII Ingredient Spice Mix
0%
IX TM Material Spinarak Thread
0%
IX TM Material Spiritomb Fragment
0%
IX TM Material Spoink Pearl
0%
IX Picnic Item Spooky Chairs
0%
IX Picnic Item Spooky Tablecloth
0%
IV Key Item Sprayduck
0%
VIII Item Springy Mushroom
0%
VI Key Item Sprinklotad
0%
VIII Treasure Squall Slate
0%
IX TM Material Squawkabilly Feather
0%
II Key Item Squirt Bottle
0%
VII Candy Squirtle Candy
0%
IX TM Material Stantler Hair
0%
IX TM Material Starly Feather
0%
VIII Item Star Sweet
0%
VII Candy Staryu Candy
0%
IX Picnic Item Steel Bottle (B)
0%
IX Picnic Item Steel Bottle (R)
0%
IX Picnic Item Steel Bottle (Y)
0%
VII Item Steel Memory
0%
III Key Item Steel Teeth
0%
IX TM Material Stonjourner Stone
0%
III Key Item Storage Key (Hoenn)
0%
IV Key Item Storage Key (Sinnoh)
0%
VIII Treasure Stratospheric Slate
0%
VIII Item Strawberry Sweet
0%
IX Picnic Item Striped Bottle
0%
IX Picnic Item Striped Chairs
0%
IX Picnic Item Striped Cup
0%
IX Picnic Item Striped Tablecloth
0%
IX TM Material Stunky Fur
0%
III Key Item Subway Key
0%
IX Key Item Suicune Treat
0%
IV Key Item Suite Key
0%
IX TM Material Sunkern Leaf
0%
IX Picnic Item Sunrise Flower Pick
0%
IX Picnic Item Sunset Flower Pick
0%
IX Key Item Supreme Butter
0%
VII Key Item Surge Badge
0%
IX TM Material Surskit Syrup
0%
VIII Item Survival Charm B
0%
VIII Item Survival Charm P
0%
VIII Item Survival Charm R
0%
VIII Item Survival Charm T
0%
VIII Item Survival Charm Y
0%
IX TM Material Swablu Fluff
0%
V Item Swift Feather
0%
IX Item Swift Mochi
0%
IX TM Material Swinub Hair
0%
VIII Item Swordcap
0%
IX Key Item Synchro Machine
0%
III Key Item System Lever
0%
IX TM Material Tandemaus Fur
0%
VII Candy Tangela Candy
0%
VII Z-Crystal Tapunium Z
0%
IX TM Material Tarountula Thread
0%
IX Key Item Tasty Trash
0%
IX TM Material Tatsugiri Scales
0%
VII Candy Tauros Candy
0%
IX TM Material Tauros Hair
0%
IX Key Item Teal Mask
0%
VIII Treasure Tectonic Slate
0%
IX TM Material Teddiursa Claw
0%
VIII Item Tempting Charm B
0%
VIII Item Tempting Charm P
0%
VIII Item Tempting Charm R
0%
VIII Item Tempting Charm T
0%
VIII Item Tempting Charm Y
0%
VII Candy Tentacool Candy
0%
IX TM Material Tentacool Stinger
0%
IX Key Item Terrakion Treat
0%
IX TM Material Timburr Sweat
0%
VIII Key Item Time Balm
0%
IX TM Material Tinkatink Hair
0%
VIII Ingredient Tin of Beans
0%
VI Key Item TMV Pass
0%
IX TM Material Toedscool Flaps
0%
IX TM Material Torkoal Coal
0%
VII Candy Tough Candy
0%
VII Candy Tough Candy L
0%
VII Candy Tough Candy XL
0%
IX TM Material Toxel Sparks
0%
IX TM Material Trapinch Shell
0%
VII Item Tropical Shell
0%
III Mail Tropic Mail
0%
IX TM Material Tropius Leaf
0%
VIII Item Tumblestone
0%
IV Mail Tunnel Mail
0%
IX TM Material Tynamo Slime
0%
IX TM Material Tyrogue Sweat
0%
III Key Item U-Disk
0%
VII Z-Crystal Ultranecrozium Z
0%
IV Key Item Unown Report
0%
VIII Key Item Uxie’s Claw
0%
IX TM Material Varoom Fume
0%
IX Picnic Item Vee-Vee Pick
0%
IX TM Material Veluza Fillet
0%
VII Candy Venonat Candy
0%
IX TM Material Venonat Fang
0%
IX Ingredient Vinegar
0%
IX Key Item Violet Book
0%
IX Key Item Virizion Treat
0%
III Item Vivid Scent
0%
III Key Item Voice Case 1
0%
III Key Item Voice Case 2
0%
III Key Item Voice Case 3
0%
III Key Item Voice Case 4
0%
III Key Item Voice Case 5
0%
IX TM Material Volbeat Fluid
0%
VIII Key Item Volcano Balm
0%
VII Candy Voltorb Candy
0%
IX TM Material Voltorb Sparks
0%
IX TM Material Vullaby Feather
0%
VII Candy Vulpix Candy
0%
IX TM Material Vulpix Fur
0%
III Key Item Wailmer Pail
0%
VIII Key Item Wall Fragment
0%
VIII Item Warding Charm B
0%
VIII Item Warding Charm P
0%
VIII Item Warding Charm R
0%
VIII Item Warding Charm T
0%
VIII Item Warding Charm Y
0%
IX Ingredient Wasabi
0%
IX Ingredient Watercress
0%
VII Item Water Memory
0%
IX TM Material Wattrel Feather
0%
VII Candy Weedle Candy
0%
IX Item Wellspring Mask
0%
IX Picnic Item Whimsical Chairs
0%
IX Picnic Item Whimsical Tablecloth
0%
II Item White Apricorn
0%
IX Picnic Item White Dish
0%
VIII Key Item White Mane Hair
0%
IX TM Material Wiglett Sand
0%
IX TM Material Wingull Feather
0%
IX Picnic Item Winking Pika Pick
0%
VIII Item Wood
0%
VIII Key Item Wooden Crown
0%
III Mail Wood Mail
0%
IX TM Material Wooper Slime
0%
IV Key Item Works Key
0%
IX TM Material Yanma Spike
0%
IX Picnic Item Yarn Ball
0%
II Item Yellow Apricorn
0%
IX Ingredient Yellow Bell Pepper
0%
IX Picnic Item Yellow Bottle
0%
IX Picnic Item Yellow Chairs
0%
IX Picnic Item Yellow Cup
0%
IX Picnic Item Yellow Dish
0%
III Key Item Yellow ID Badge
0%
VII Key Item Yellow Petal
0%
IX Picnic Item Yellow Tablecloth
0%
IX Ingredient Yogurt
0%
IX TM Material Yungoos Fur
0%
IX TM Material Zangoose Claw
0%
VII Candy Zapdos Candy
0%
IX Key Item Zapdos Treat
0%
IX Key Item Zekrom Treat
0%
IX TM Material Zorua Fur
0%
VII Candy Zubat Candy
0%
No matching quizzes found
Score Distribution
Percent of People with Each Score
Percentile by Number Answered
Your Score History
You have not taken this quiz since the last reset